01471nam a22001937a 450000500170000000800410001702000180005804000070007604100080008308200180009110000190010924500130012826000370014130000230017836500470020152009910024865000200123965000180125920251104163705.0251104b |||||||| |||| 00| 0 eng d a9781398543454 cAL aeng a823.914bROBF aLauren Roberts aFearless aLondonbSimon and Schusterc2025 a522p.bPBc20x13cm 2Englisha4241b₹479.20c₹d599.00e20% aOVER A MILLION COPIES SOLD. THE SIZZLING FINALE TO THE NO 1 BESTSELLING ROMANTASY PHENOMENON!​ Praise for Powerless: ‘Nothing short of epic’ Rosie Talbot, bestselling author of Sixteen Souls ‘A thrilling fantasy with the most delicious slow-burn romance’ M.A. Kuzniar, bestselling author of Midnight in Everwood ‘[A] titillating debut’ Publishers Weekly ‘A masterpiece’ Goodreads Reader Review ‘Everyone needs to read it’ TikTok Review ‘The BEST book I’ve read’ NetGalley Reader Review ‘A sizzling slice of fantasy romance’ Booksellers Review Paedyn Gray and Kai Azer return to the Kingdom of Ilya... And Paedyn has a life-altering choice to make. Whatever she decides will determine her fate – and the fate of those around her – forever. In the ultimate battle of love and loyalty, who wins? Be swept away by the conclusion to the smash hit, dagger-to-the-throat romantasy trilogy. Follow Lauren Roberts on TikTok and Instagram @LaurenRobertsLibrary aEnglish Fiction aEnglish Novel